000 00498nam a2200181Ia 4500
001 17075
005 20260306170358.0
008 260306t2017||||xx |||||||||||||| ||und||
041 _aESP
082 _a657.45
_bI59
100 _aInstituto Mexicano de Contadores Públicos
_eAUT
245 0 _aNormas de auditoría para atestiguar, revisión y otros servicios relacionados
260 _c2017
300 _a1444 páginas
_c23 cm.
650 _aGEN
654 _aCCO
942 _cLIB
_dJUS
_fJUS
_2ddc
_n
999 _c17075
_d17075